Handbook of clinical pharmacy / (Record no. 21466)

MARC details
000 -LEADER
fixed length control field 00804nam a22002655a 4500
005 - DATE AND TIME OF LATEST TRANSACTION
control field 20160322093204.0
008 - FIXED-LENGTH DATA ELEMENTS--GENERAL INFORMATION
fixed length control field 160322s2008 ii a fr 000 0 eng d
020 ## - INTERNATIONAL STANDARD BOOK NUMBER
International Standard Book Number 8185790353
020 ## - INTERNATIONAL STANDARD BOOK NUMBER
International Standard Book Number 9788185790350
040 ## - CATALOGING SOURCE
Original cataloging agency EG-ScBUE
Language of cataloging eng
Transcribing agency EG-ScBUE
082 04 - DEWEY DECIMAL CLASSIFICATION NUMBER
Classification number 615.1
Item number YAD
Edition number 22
100 1# - MAIN ENTRY--PERSONAL NAME
Personal name Yadav, A. V.
9 (RLIN) 39548
245 10 - TITLE STATEMENT
Title Handbook of clinical pharmacy /
Statement of responsibility, etc A. V. Yadav, B. V. Yadav, T. I. Shaikh.
250 ## - EDITION STATEMENT
Edition statement 5th ed.
260 ## - PUBLICATION, DISTRIBUTION, ETC. (IMPRINT)
Place of publication, distribution, etc Shivaji Nagar :
Name of publisher, distributor, etc Nirali Prakashan,
Date of publication, distribution, etc 2008.
300 ## - PHYSICAL DESCRIPTION
Extent 1 v. (various pagings) :
Other physical details ill. ;
Dimensions 24 cm.
521 ## - TARGET AUDIENCE NOTE
Target audience note For B. Pharmacy.
650 #7 - SUBJECT ADDED ENTRY--TOPICAL TERM
Topical term or geographic name as entry element Clinical pharmacology.
Source of heading or term BUEsh
9 (RLIN) 38454
650 #7 - SUBJECT ADDED ENTRY--TOPICAL TERM
Topical term or geographic name as entry element Pharmacy.
Source of heading or term BUEsh
9 (RLIN) 39617
651 ## - SUBJECT ADDED ENTRY--GEOGRAPHIC NAME
Source of heading or term BUEsh
653 ## - INDEX TERM--UNCONTROLLED
Resource For college Pharmacy
Arrived date list March2016
700 1# - ADDED ENTRY--PERSONAL NAME
Personal name Yadav, B. V.
9 (RLIN) 39549
700 1# - ADDED ENTRY--PERSONAL NAME
Personal name Shaikh, T. I.
9 (RLIN) 39616
942 ## - ADDED ENTRY ELEMENTS (KOHA)
Source of classification or shelving scheme Dewey Decimal Classification
Holdings
Withdrawn status Item status Source of classification or shelving scheme Damaged status Not for loan Vendor Home library Current library Shelving location Date acquired Source of acquisition Cost, normal purchase price Serial Enumeration / chronology Total Checkouts Full call number Barcode Date last seen Cost, replacement price Koha item type
    Dewey Decimal Classification     Scientific home BookShop Central Library Central Library First floor 22/03/2016 Purchase 50.00 1   615.1 YAD 000032129 15/07/2025 62.50 Book - Borrowing